Name That UK Sitcom Quiz Stats

 Plays Quiz Updated Apr 30, 2019

Score 0/22 Timer 05:00
10 Plays Today
Characters Show % Correct
Del Boy, Rodney, TriggerOnly Fools and Horses
79.6%
Edina, Patsy, Saffron, BubbleAbsolutely Fabulous
65%
Geraldine, David, Hugo, Frank, Jim, Alice, OwenThe Vicar of Dibley
57.3%
Tom, Jerry, Barbara, MargoThe Good Life
57.1%
David, Gareth, Dawn, Tim, KeithThe Office
55.1%
Edmund, Sodoff, Percy, GeorgeBlackadder
55%
Betty Slocombe, Stephen Peacock, Cuthbert RumboldAre You Being Served
53.7%
René, Edith, Yvette, Michelle, Otto'Allo 'Allo
51.3%
Sharon, Tracey, Dorien, ChrisBirds of a Feather
50.3%
Ben, Susan, Michael, Nick, JaneyMy Family
49.9%
Albert, Granville, GladysOpen All Hours
49.1%
Characters Show % Correct
Gaz, Janet, Donna, Louise, JonnyTwo Pints of Lager and a Packet of Crisps
40.9%
Dave, Arnold, HollyRed Dwarf
33.7%
Jim, Humphrey, BernardYes, (Prime) Minister
33.2%
Norman, Lennie, Henry, Harry, Bunny, IngridPorridge
30.3%
Jane, Steven, Susan, Sally, Patrick, JeffCoupling
25.1%
Bernard, Manny, FranBlack Books
22.7%
George, Arthur, Jack, Joe, Frank, James, CharlesDad's Army
22.3%
Lee, Tim, Lucy, Barbara, DaisyNot Going Out
17.9%
Gordon, Helen, Colin, Laura, Carole, Gavin, TimThe Brittas Empire
16.8%
Timothy, Phyllis, Sydney, Muriel, Kevin, FrankSorry!
11.6%
Charles, Jonathan, Tudor, Lofty, ParkyIt Ain't Half Hot Mum
11.3%

You're not logged in!

Compare scores with friends on all Sporcle quizzes.
OR
Log In

Sporcle TV

Today on Sporcle TV


Watch our educational content, quiz creation guides, and fun videos on Sporcle TV.

Show Comments

Extras

Top Quizzes Today


Score Distribution

Your Account Isn't Verified!

In order to create a playlist on Sporcle, you need to verify the email address you used during registration. Go to your Sporcle Settings to finish the process.

Report this User

Report this user for behavior that violates our Community Guidelines.

Details: